000
00285nam a22001097a 4500
082
_a
920/WAS
100
_a
Wasik, John F.
_9
82161
245
_a
Nikola Tesla
_b
Timeless Lessons From His Life and Work
260
_a
Mumbai
_b
Jaico Publishing House
_c
2023
650
_a
Biography
942
_c
BK
999
_c
66533
_d
66533